| 000 | 00340cam a2200133ua 4500 | ||
|---|---|---|---|
| 020 | _a81-85392-92-7 | ||
| 082 |
_a004.03 _bCOL/DI |
||
| 100 |
_aCollin, S M H. _91492 |
||
| 245 | _aDictionary of Information Technology / | ||
| 250 | _a1 / | ||
| 260 |
_aMiddlesex : _bPeter Collin Publishing Ltd , _c1990. |
||
| 300 | _a232 ; . | ||
| 942 | _cREF | ||
| 999 |
_c9894 _d9894 |
||